|
|
|
|
| LEADER |
00000nam0a2200000 4500 |
| 001 |
120114 |
| 005 |
20231101215602.0 |
| 010 |
|
|
|a 9785859714414
|
| 035 |
|
|
|a (RuTPU)RU\TPU\book\130055
|
| 035 |
|
|
|a RU\TPU\book\80543
|
| 090 |
|
|
|a 120114
|
| 100 |
|
|
|a 20050328d2008 m y0rusy50 ca
|
| 101 |
0 |
|
|a rus
|
| 102 |
|
|
|a RU
|
| 105 |
|
|
|a y j 000zy
|
| 200 |
1 |
|
|a Деньги. Кредит. Банки
|e учебник для вузов
|f Финансовая академия при Правительстве Российской Федерации; под ред. О. И. Лаврушина
|
| 205 |
|
|
|a 7-е изд., стер.
|
| 210 |
|
|
|a Москва
|c КноРус
|d 2008
|
| 215 |
|
|
|a 560 с.
|
| 330 |
|
|
|a Рассматриваются основные вопросы денежного обращения, принципы, методы и формы кредитования национальной экономики, механизмы работы банковской системы России. Большое внимание уделяется деньгам, кредиту, банкам в сфере международных экономических отношений, в частности участию России в международных финансовых организациях. В книгу включен большой объем дополнительного материала по всем основным темам, а также учтены произошедшие за последнее время изменения в законодательной и нормативной базе денежно-кредитного регулирования. Для студентов, аспирантов и преподавателей экономических факультетов и вузов, слушателей системы послевузовского образования, научных работников, а также работников финансовой и банковской систем.
|
| 451 |
|
1 |
|0 (RuTPU)RU\TPU\book\173211
|y 978-5-390-00010-6
|t Деньги. Кредит. Банки
|o учебник для вузов
|f Финансовая академия при Правительстве Российской Федерации; под ред. О. И. Лаврушина
|e 8-е изд., перераб. и доп.
|c М.
|n КноРус
|d 2009
|p 560 с.
|
| 451 |
|
1 |
|0 (RuTPU)RU\TPU\book\97738
|y 5-94761-037-X
|t Деньги. Кредит. Банки
|o учебник
|f Финансовая академия при Правительстве Российской Федерации; под ред. О. И. Лаврушина
|e 3-е изд., перераб. и доп.
|c М.
|n КноРус
|d 2006
|p 559 с.
|
| 606 |
1 |
|
|a Финансы
|x Экономика
|y Россия
|2 stltpush
|3 (RuTPU)RU\TPU\subj\67534
|9 83291
|
| 610 |
1 |
|
|a финансы
|
| 610 |
1 |
|
|a деньги
|
| 610 |
1 |
|
|a кредит
|
| 610 |
1 |
|
|a банки
|
| 610 |
1 |
|
|a денежное обращение
|
| 610 |
1 |
|
|a теория
|
| 610 |
1 |
|
|a история
|
| 610 |
1 |
|
|a денежные системы
|
| 610 |
1 |
|
|a денежная масса
|
| 610 |
1 |
|
|a денежная эмиссия
|
| 610 |
1 |
|
|a денежный оборот
|
| 610 |
1 |
|
|a инфляция
|
| 610 |
1 |
|
|a денежные реформы
|
| 610 |
1 |
|
|a кредит
|
| 610 |
1 |
|
|a ссудный процент
|
| 610 |
1 |
|
|a кредитная система
|
| 610 |
1 |
|
|a банковские системы
|
| 610 |
1 |
|
|a Центральный банк
|
| 610 |
1 |
|
|a коммерческие банки
|
| 610 |
1 |
|
|a денежно-кредитная система
|
| 610 |
1 |
|
|a денежно-кредитная политика
|
| 610 |
1 |
|
|a международные валютно-финансовые отношения
|
| 610 |
1 |
|
|a Россия
|
| 610 |
1 |
|
|a учебники
|
| 686 |
|
|
|a У9(2)26я73
|v LBC/SL-A
|2 rubbk
|
| 702 |
|
1 |
|a Лаврушин
|b О. И.
|4 340
|
| 712 |
0 |
2 |
|a Финансовая академия при Правительстве Российской Федерации
|2 stltpush
|3 (RuTPU)RU\TPU\col\159
|
| 801 |
|
1 |
|a RU
|b 63413507
|c 20070817
|g PSBO
|
| 801 |
|
2 |
|a RU
|b 63413507
|c 20210421
|g PSBO
|
| 900 |
|
|
|a Деньги, кредит, банки
|
| 900 |
|
|
|a Финансы
|
| 900 |
|
|
|a Финансы и кредиты
|
| 900 |
|
|
|a Финансы, денежное обращение, кредит
|
| 900 |
|
|
|a Банки и банковская деятельность
|
| 900 |
|
|
|a Банки и банковское дело
|
| 900 |
|
|
|a Банковское обращение и кредит
|
| 942 |
|
|
|c BK
|
| 952 |
|
|
|a 521600
|b 080100
|
| 959 |
|
|
|a 48/20070816
|d 2
|e 190,00
|f АНЛ:1
|f ЧЗГЛ:1
|